Veľká ruda

Bibliographic Details
Main Author: Vladimov, Georgij Nikolajevič, 1931-2003 (Author)
Format: Book
Language:Undetermined
PhysicalDescription:95 s.
Published: Bratislava SVKL 1963

MARC

LEADER 00000nam a2200000 a 4500
001 vtls001419269
003 SK-MaSNL
005 20260301120559.0
008 240315s1963 xx 0 und
035 |a SNK000374083 
040 |a SNK  |b slo  |c SNK  |e AACR2 
100 1 |a Vladimov, Georgij Nikolajevič,  |d 1931-2003  |4 aut  |9 257500 
245 1 |a Veľká ruda 
260 |a Bratislava  |b SVKL  |c 1963 
300 |a 95 s. 
958 |a OND 
999 |c 726366  |d 728296 
952 |a SNK  |b SNK  |y PREZ  |7 0  |p 17A0752306  |o snkSD 23983  |0 0  |1 0  |4 0  |d 2011-11-17  |l 0  |r 2026-02-23 22:14:24  |w 2026-02-23 
952 |t P60, <05>, [BOOK], {605}  |a SNK  |b SNK  |y PREZ  |7 0  |p 17A0311549  |o snkSD 23983 D1  |0 0  |1 0  |4 0  |d 2001-08-27  |l 0  |r 2005-01-02 00:00:00  |w 2026-02-23